Anglická gramatika v prekladových vetách
Salvato in:
| Autore principale: | |
|---|---|
| Ente Autore: | |
| Altri autori: | , |
| Natura: | Libro |
| Lingua: | inglese slovacco |
| Pubblicazione: |
Bratislava
Vydavateľstvo EKONÓM
2015
|
| Edizione: | 1. vyd. |
| Soggetti: | |
| Tags: |
Nessun Tag, puoi essere il primo ad aggiungerne!!
|
MARC
| LEADER | 00000nam a2200000 4500 | ||
|---|---|---|---|
| 001 | 0205959 | ||
| 005 | 20240502073428.7 | ||
| 020 | |a 978-80-225-4108-4 | ||
| 041 | 0 | |a eng | |
| 041 | 0 | |a slo | |
| 044 | |a SK | ||
| 245 | 1 | 0 | |a Anglická gramatika v prekladových vetách |c Ľudovít Barac ; recenzenti: Eva Stradiotová, Peter Vicha |
| 250 | |a 1. vyd. | ||
| 264 | 1 | |a Bratislava |b Vydavateľstvo EKONÓM |c 2015 | |
| 300 | |a 95 s. [14,02 AH] | ||
| 610 | 2 | 0 | |a gramatika |
| 610 | 2 | 0 | |a preklady odborné |
| 610 | 2 | 0 | |a terminológia |
| 610 | 2 | 0 | |a ekonómia |
| 100 | 1 | |a Barac, Ľudovít | |
| 700 | 1 | |a Stradiotová, Eva, 1963- | |
| 700 | 1 | |a Vicha, Peter | |
| 710 | 2 | |a Ekonomická univerzita v Bratislave. Fakulta aplikovaných jazykov | |